| 000 | 00522nam a2200157 a 4500 | ||
|---|---|---|---|
| 008 | 120416s1979 ||||||||||||||||| || u | ||
| 020 | _a0471090433 | ||
| 050 | _aTN 260 Jen | ||
| 100 | _aJensen, Mead L | ||
| 245 | 1 | 0 | _aEconomic mineral deposits |
| 250 | _a3rd.ed | ||
| 260 |
_aNew York _bJohn Wiley and Sons _c1979 |
||
| 300 | _aviii, 593p. : ill | ||
| 350 | _a0.00 | ||
| 995 |
_D0.00 _FCBU-MAIN LIBRARY (Kitwe) _H1 _I9.95 _UAVAILABLE _ZAnnex Low-Usage Collection |
||
| 999 |
_c40870 _d40870 |
||